000 01162nam a22003137a 4500
001 BR7503499
003 BR-BrBNA
005 20230928084814.0
007 ta
008 230509b bl.||||| |||| 00| 0 por d
040 _aBR-BrBNA
_bpor
_cBiblioteca Nacional de Agricultura
041 _a(Por)
072 _aM10; Q10; S10
_b8330
_b/G514
090 _ 8330 BR7503499
100 1 _aVasconcelos, J.A. de
110 1 _aUniversidade Federal do Ceara, Fortaleza (Brasil). Centro de Ciencias Agrarias. Depto. de Engenharia de Pesca
_0Tese (Engenheiro de Pesca)
_911031
245 1 _aAplicacao de bissulfito (NaHSO3), na prevencao de mancha negra na lagosta verde, Panulirus laevicauda (Latreille)a bordo de barcos geleiros [Ceara, Brasil]
260 3 _aFortaleza, CE (Brasil):
_c1975.
300 _a14 p.
500 _aSummary (Eng); 13 ref. (*) Documento disponível na(o) Universidade Federal do Ceara, Fortaleza (Brazil)
650 _aLAGOSTA
650 _aPROFILAXIA
650 _aPRESERVACAO DE ALIMENTO
650 _aANALISE QUIMICA
650 _aANALISE ORGANOLEPTICA
650 _aCEARA
909 _a202309
_bLucia
_c55
_dLucia Elande
942 _cBK
999 _c21196
_d21196